| 000 | 00806nam a22002657i 4500 | ||
|---|---|---|---|
| 003 | EG-ScBUE | ||
| 005 | 20221030111341.0 | ||
| 008 | 200219t2008 gaua f 000 0 eng d | ||
| 020 | _a9780980101317 | ||
| 040 |
_aEG-ScBUE _beng _erda _cEG-ScBUE _dEG-ScBUE |
||
| 082 | 0 | 4 |
_222 _a611 _bBOD |
| 245 | 0 | 0 |
_aBodies : _bthe exhibition. |
| 264 | 1 |
_aAtlanta, Georgia : _bPremier Exhibitions Inc., _c[2008] |
|
| 264 | 4 | _cc2008 | |
| 300 |
_a62 pages : _bcolor illustrations ; _c30 cm |
||
| 336 |
_2rdacontent _atext _btxt |
||
| 337 |
_2rdamedia _aunmediated _bn |
||
| 338 |
_2rdacarrier _avolume _bnc |
||
| 650 | 7 |
_aAnatomy, Artistic. _2BUEsh |
|
| 650 | 7 |
_aHuman anatomy Exhibitions. _2BUEsh |
|
| 650 | 7 |
_aHuman body Exhibitions. _2BUEsh |
|
| 653 |
_bGGEN _cOctober2022 |
||
| 655 | _vReading book | ||
| 942 |
_2ddc _cBB |
||
| 999 |
_c29941 _d29912 |
||